00417nam a22001217a 4500020001600000082001000016100001500026245012300041260003700164300003100201650003300232700003000265 qHard Cover. a620.5 aArif, Asim aPhysiochemical Studies of Metal Doped ZnO Nanostructures and their Antibacterial Activity Investigations /cAsim Arif. aIslamabad :bSCME - NUST,c2016. axii, 78 p. ; ill. ;c30cm. aNanoscience and Engineering. aDr. Muhammad Israr Qadir.